| 000 | 01516nam a2200265Ia 4500 | ||
|---|---|---|---|
| 999 |
_c56379 _d56379 |
||
| 001 | 23492 | ||
| 003 | GE_BSU | ||
| 005 | 20260128203640.0 | ||
| 008 | 181216s1958||||ge |||||||||||||| ||geo|| | ||
| 040 | _cGE_BSU | ||
| 041 | _ageo | ||
| 080 | _a94(479.223-25)"1878-1907 ს-59 | ||
| 100 |
_aსიჭინავა, ვლადიმერ _926750 |
||
| 245 |
_aბათუმის ისტორიიდან : _b რუსეთთან შეერთება და სოციალურ-ეკონომიკური განვითარება 1878-1907 წლებში / _cვლადიმერ სიჭინავა ; რედ. მ. დუმბაძე. |
||
| 264 |
_aბათუმი : _bსახელგამი, _c1958. |
||
| 300 |
_a288გვ. : _bილ. ; _c23 სმ.. _e3 ფურც. ცხრილ. და გეგმა. |
||
| 500 | _aდანართი : "დოკუმენტები და ილუსტრ.", გვ. 273-286 | ||
| 541 | _h2ლ. 20თ. | ||
| 653 | _aბათუმის ისტორია | ||
| 653 | _aბათუმის ეკონომიკა | ||
| 653 | _aბათუმის ისტორიიდან | ||
| 653 | _aრუსეთთან შეერთება და სოციალურ-ეკონომიკური განვითარება 1878-1907 წლებში. | ||
| 700 |
_aდუმბაძე, მ. _eრედაქტორი _926751 |
||
| 942 |
_cBK _2udc |
||